00522cam a2200157 a 450000100100000000500170001000800410002704000290006808200160009710000330011324500660014626000510021230000280026365000280029165000450031900001065220200929162250.0740530s1964 nyua 000 0 eng d aDO-SdBNPbengcLCdBNPHU a510.9bE93i1 aEves, Howard Whitley,d1911-13aAn introduction to the history of mathematics /cHoward Eves. aNew York :bHolt, Rinehart and Winston,c1964. a439 p. :bil. ;c24 cm. 4aMatemáticasxHistoria 4aMatemáticasxProblemas ejercicios, etc